| 000 | 00553nam a22001937a 4500 | ||
|---|---|---|---|
| 003 | CEME | ||
| 005 | 20210628210741.0 | ||
| 008 | 210212b xxu||||| |||| 00| 0 eng d | ||
| 020 | _a817-808-028-1 | ||
| 040 | _c. | ||
| 082 | _a658.404 BUT | ||
| 100 |
_aButtrick, Robert _980842 |
||
| 245 | _aThe interactive project workout a toolkit for reaping the rewards from all your business projects | ||
| 250 | _a2ND | ||
| 260 |
_aLONDON _bPRENTICE HALL _c2000 |
||
| 300 | _a460P | ||
| 650 |
_aPROJECT WORKOUT PROJECT MANAGEMENT _980843 |
||
| 942 |
_cBK _2ddc |
||
| 999 |
_c585701 _d585701 |
||